All Pokémon with Steadfast - Statistics

General Stats
  • This quiz has been taken 5 times
  • The average score is 11 of 15
Answer Stats
(Avail)ability Pokémon % Correct
First Ability Gallade
100%
Hidden Ability Hitmontop
100%
First Ability Lucario
100%
Only Ability Mega Mewtwo X
100%
First Ability Riolu
100%
Second Ability Tyrogue
100%
First Ability Galarian Farfetch'd
67%
Hidden Ability Machamp
67%
Hidden Ability Machoke
67%
Hidden Ability Machop
67%
First Ability Sirfetch'd
67%
Second Ability Dubwool
33%
Hidden Ability Lycanroc (Midday Form)
33%
Hidden Ability Rockruff
33%
Hidden Ability Scyther
33%
No matching quizzes found
Score Distribution
Percent of People with Each Score
Percentile by Number Answered
Your Score History
You have not taken this quiz